[Event "Obsidian Swirl"]
[Site "SchemingMind.com"]
[Date "2009.07.10"]
[Round "-"]
[White "reo"]
[Black "Chess Tiger"]
[Result "0-1"]
[WhiteCountry "THA"]
[BlackCountry "GER"]
[WhiteElo "1799"]
[WhiteRD "78"]
[BlackElo "2348"]
[BlackRD "84"]
[GameID "211293"]

1. d4 d5 2. c4 dxc4 3. e3 e5 4. Bxc4 exd4 5. exd4 Nf6 6. Nf3 Bd6 7. O-O O-O 8. Nc3 Nc6 9. h3 h6 10. Re1 Re8
11. Be3 Bf5 12. a3 a6 13. b4 Qd7 14. Bf1 Rad8 15. b5 axb5 16. Nxb5 Bf8 17. Rc1 Nd5 18. a4 Nxe3 19. fxe3 Bb4 20. Nd2 Qe7
21. Qe2 Bg6 22. Nc3 Ba3 23. Rcd1 Nb4 24. Ndb1 Nc2
0-1

[Event "Obsidian Swirl"]
[Site "SchemingMind.com"]
[Date "2009.07.10"]
[Round "-"]
[White "Chess Tiger"]
[Black "reo"]
[Result "1-0"]
[WhiteCountry "GER"]
[BlackCountry "THA"]
[WhiteElo "2324"]
[WhiteRD "88"]
[BlackElo "1812"]
[BlackRD "74"]
[GameID "211295"]

1. e4 c5 2. Nf3 d6 3. d4 cxd4 4. Nxd4 Nf6 5. Nc3 a6 6. Bg5 e6 7. f4 Nbd7 8. Qf3 Qc7 9. O-O-O b5 10. Bd3 Bb7
11. Rhe1 Be7 12. Qg3 b4 13. Nd5 exd5 14. exd5 Kd8 15. Nc6+ Bxc6 16. dxc6 Nc5 17. Bh4 g6 18. Rxe7 Kxe7 19. Re1+ Ne6 20. f5 gxf5
21. Qg7
1-0

[Event "Obsidian Swirl"]
[Site "SchemingMind.com"]
[Date "2009.07.15"]
[Round "-"]
[White "Nenad"]
[Black "ibukuno"]
[Result "1-0"]
[WhiteCountry "SLO"]
[BlackCountry "NGR"]
[WhiteElo "2113"]
[WhiteRD "122"]
[BlackElo "1772"]
[BlackRD "83"]
[GameID "212512"]

1. e4 e5 2. Nf3 Nc6 3. Bb5 d6 4. d4 exd4 5. Nxd4 Bd7 6. Bxc6 bxc6 7. O-O Nf6 8. Qf3 c5 9. Nf5 Bxf5 10. Qxf5 Be7
11. Nc3 O-O 12. Rd1 Qd7 13. Nd5 Qd8 14. Ne3 Qc8 15. Qxc8 Raxc8 16. f3 Nd7 17. Rd3 Rb8 18. Nd5 Bd8 19. Ra3 Rb7 20. Rb3 Nb6
21. Bd2 c6 22. Nxb6 axb6 23. Bf4 Be7 24. Rd1 Rd8 25. c4 b5 26. a4 b4 27. Rbd3 Rbd7 28. Be3 d5 29. exd5 cxd5 30. Rxd5 Rxd5
31. Rxd5 Rxd5 32. cxd5 Kf8 33. a5
1-0

[Event "Obsidian Swirl"]
[Site "SchemingMind.com"]
[Date "2009.07.15"]
[Round "-"]
[White "ibukuno"]
[Black "Nenad"]
[Result "0-1"]
[WhiteCountry "NGR"]
[BlackCountry "SLO"]
[WhiteElo "1772"]
[WhiteRD "83"]
[BlackElo "2113"]
[BlackRD "122"]
[GameID "212517"]

1. e4 c6 2. d4 d5 3. Nc3 dxe4 4. Nxe4 Bf5 5. Ng3 Bg6 6. Nf3 Nf6 7. Ne5 Nbd7 8. Nxg6 hxg6 9. Bc4 e6 10. Bg5 Qb6
11. Bb3 a5 12. c3 a4 13. Bxa4 Qxb2 14. Rc1 Qxa2 15. Bb3 Qa5 16. Bd2 Bd6 17. O-O Bxg3 18. fxg3 Ne4 19. Qe2 Ndf6 20. Ra1 Qxa1
21. Rxa1 Rxa1+ 22. Bd1 Ra2
0-1

[Event "Obsidian Swirl"]
[Site "SchemingMind.com"]
[Date "2009.07.19"]
[Round "-"]
[White "agrillage"]
[Black "cirovicz"]
[Result "1/2-1/2"]
[WhiteCountry "MLT"]
[BlackCountry "SRB"]
[WhiteElo "2137"]
[WhiteRD "109"]
[BlackElo "1906"]
[BlackRD "146"]
[GameID "212742"]

1. e4 c5 2. Nf3 e6 3. d4 cxd4 4. Nxd4 Nc6 5. Nb5 a6 6. Nd6+ Bxd6 7. Qxd6 Qe7 8. Qg3 Qf6 9. Nc3 Nge7 10. Be2 O-O
11. O-O d5 12. Bg5 Qg6 13. exd5 Nxd5 14. Nxd5 exd5 15. Bd3 Bf5 16. Rad1 Bxd3 17. Rxd3 h6 18. Bf4 Qxg3 19. Bxg3 d4 20. Re1 Rad8
21. a3 Rfe8 22. Kf1 Rxe1+ 23. Kxe1 f5 24. f4 Kf7 25. Bf2 g5 26. fxg5 hxg5 27. Kd2 Ke6 28. Rh3 Ke5 29. Rh7 b5 30. Rc7 Rd6
31. Kd3 f4 32. Rc8 a5 33. Rc7 Kd5 34. c3 dxc3= 35. Kxc3 b4+ 36. axb4 axb4+ 37. Kb3 Ke4 38. Be1 Nd4+ 39. Kxb4 Rb6+ 40. Kc4 Nf5
41. Kc3 Ne3 42. Re7+ Kf5 43. Rf7+ Kg4 44. h3+ Kh5 45. g4+ fxg3 46. Bxg3 Nd1+ 47. Kd4= Nxb2 48. Ke4 Nc4 49. h4 gxh4 50. Rh7+ Kg6
51. Rxh4 Na5 52. Rg4+= Kh5 53. Rg8 Rg6 54. Rxg6= Kxg6 55. Kd5=
1/2-1/2

[Event "Obsidian Swirl"]
[Site "SchemingMind.com"]
[Date "2009.07.16"]
[Round "-"]
[White "nikita68"]
[Black "Norsland"]
[Result "0-1"]
[WhiteCountry "RUS"]
[BlackCountry "USA"]
[WhiteElo "1893"]
[WhiteRD "82"]
[BlackElo "2025"]
[BlackRD "86"]
[GameID "212743"]

1. d4 c5 2. d5 Nf6 3. c4 b5 4. Nf3 g6 5. cxb5 a6 6. b6 Qxb6 7. Nc3 d6 8. e4 Bg7 9. Be2 O-O 10. Nd2 Nbd7
11. Nc4 Qc7 12. O-O Nb6 13. f3 Bd7 14. Be3 Bb5 15. Nxb6 Qxb6 16. Bxb5 axb5 17. Qb3 Rfb8 18. Qc2 Qb7 19. Qd2 Nd7 20. Bh6 Nb6
21. Bxg7 Kxg7 22. Ne2 Ra6 23. Qc3+ Kg8 24. Nf4 Qa7 25. a3 b4 26. Qd3 Na4
0-1

[Event "Obsidian Swirl"]
[Site "SchemingMind.com"]
[Date "2009.07.19"]
[Round "-"]
[White "cirovicz"]
[Black "agrillage"]
[Result "0-1"]
[WhiteCountry "SRB"]
[BlackCountry "MLT"]
[WhiteElo "1870"]
[WhiteRD "149"]
[BlackElo "2155"]
[BlackRD "107"]
[GameID "212749"]

1. e4 c5 2. c3 g6 3. Nf3 Bg7 4. d4 cxd4 5. cxd4 d5 6. Bb5+ Bd7 7. Bxd7+ Qxd7 8. e5 Nc6 9. O-O e6 10. Nc3 Nge7
11. Be3 O-O 12. a3 a6 13. Qd2 Nf5 14. h3 Na5 15. Qd1 Rac8 16. Na4 Nxe3 17. fxe3= Nc4 18. Re1 Bh6 19. Qb3 Bxe3+ 20. Rxe3 Nxe3
21. Nb6 Qb5 22. Qxb5 axb5 23. Nxc8 Rxc8 24. Kf2 Nc2 25. Rc1 Rc4 26. g4 Nxa3 27. Ra1 Nc2 28. Ra8+ Kg7 29. Re8 Nxd4 30. Ne1 Nc6
31. Nd3 Re4 32. Nc5 Rxe5 33. Nxb7 Re4 34. Rc8 Ne5 35. Nd6 Rf4+ 36. Ke3 Rf3+ 37. Kd4 Nc4 38. Ne8+ Kh6 39. b3 Rxb3 40. h4 Rf3
41. Rc7 b4 42. Nf6 g5 43. hxg5+ Kxg5 44. Nxh7+ Kxg4 45. Rb7 b3 46. Nf8 b2 47. Nd7 Rf1
0-1

[Event "Obsidian Swirl"]
[Site "SchemingMind.com"]
[Date "2009.07.16"]
[Round "-"]
[White "Norsland"]
[Black "nikita68"]
[Result "1-0"]
[WhiteCountry "USA"]
[BlackCountry "RUS"]
[WhiteElo "2025"]
[WhiteRD "86"]
[BlackElo "1893"]
[BlackRD "82"]
[GameID "212750"]

1. Nc3 Nf6 2. d4 d5 3. f3 c5 4. e3 Nc6 5. Bb5 e6 6. Nh3 Qc7 7. Nf2 Bd7 8. Bxc6 Bxc6 9. g4 O-O-O 10. g5 Nd7
11. Ne2 Be7 12. dxc5 Bxg5 13. b4 Ne5 14. Nd4 Nc4 15. Qe2 Bd7 16. a4 Qe5 17. c3 Qf6 18. Ng4 Bh4+ 19. Kf1 Qg6 20. Rg1 e5
21. Nb5 Kb8 22. e4 Qe6 23. f4 dxe4 24. fxe5 Qf5+ 25. Nf2 Bxf2 26. Qxf2 Qh3+ 27. Qg2
1-0

[Event "Obsidian Swirl"]
[Site "SchemingMind.com"]
[Date "2009.07.21"]
[Round "-"]
[White "Theodoric"]
[Black "goodknight"]
[Result "0-1"]
[WhiteCountry "ENG"]
[BlackCountry "POL"]
[WhiteElo "1948"]
[WhiteRD "69"]
[BlackElo "2268"]
[BlackRD "79"]
[GameID "212834"]

1. e4 c5 2. c3 Nf6 3. e5 Nd5 4. d4 cxd4 5. Bc4 Qc7 6. Qe2 Nb6 7. Bd3 Nc6 8. Nf3 g6 9. O-O dxc3 10. Nxc3 Bg7
11. Bf4 O-O 12. Nb5 Qd8 13. Rfe1 a6 14. Nc3 d5 15. exd6 exd6 16. Be3 Be6 17. Ng5 Rc8 18. Nxe6 fxe6 19. Rac1 Ne5 20. Be4 d5
21. Rcd1 Nec4 22. Bxb6 Nxb6 23. Bf3 Rc6 24. Rd3 Qc7 25. Bg4 Kh8 26. Rdd1 Qd8 27. a3 Qc7 28. g3 Nc4 29. Bxe6 Nxb2 30. Nxd5 Rxe6
31. Qxe6 Qc2 32. Ne3 Qxf2+ 33. Kh1 Nxd1 34. Rxd1 Qe2 35. Qb3 Bd4 36. Qc2 Qxe3
0-1

[Event "Obsidian Swirl"]
[Site "SchemingMind.com"]
[Date "2009.07.19"]
[Round "-"]
[White "the_ether_76"]
[Black "z"]
[Result "1-0"]
[WhiteCountry "USA"]
[BlackCountry "IRQ"]
[WhiteElo "1778"]
[WhiteRD "84"]
[BlackElo "1832"]
[BlackRD "83"]
[GameID "212835"]

1. e4 d5 2. exd5 Qxd5 3. Nc3 Qa5 4. d4 Bf5 5. Bd3 e6 6. Nf3 c6 7. Bxf5 Qxf5 8. O-O Nd7 9. Re1 O-O-O 10. Ne4 h6
11. Qe2 Ngf6 12. c4 Bb4 13. Bd2 Bxd2 14. Nd6+
1-0

[Event "Obsidian Swirl"]
[Site "SchemingMind.com"]
[Date "2009.07.17"]
[Round "-"]
[White "teban2008"]
[Black "efreddy"]
[Result "0-1"]
[WhiteCountry "CAN"]
[BlackCountry "BEL"]
[WhiteElo "1763"]
[WhiteRD "91"]
[BlackElo "2225"]
[BlackRD "114"]
[GameID "212836"]

1. e4 c5 2. Nf3 d6 3. d4 cxd4 4. Nxd4 Nf6 5. Nc3 e6 6. g4 h6 7. Rg1 Nc6 8. h4 h5 9. gxh5 Nxh5 10. Bg5 Nf6
11. Be2 a6 12. Nxc6 bxc6 13. f4 Qb6 14. Rg3 Nh7 15. e5 Nxg5 16. hxg5 Rh2 17. Ne4 d5 18. Qd2 Qxb2 19. Rd1 Qb6 20. Nd6+ Bxd6
21. exd6 Qf2#
0-1

[Event "Obsidian Swirl"]
[Site "SchemingMind.com"]
[Date "2009.07.17"]
[Round "-"]
[White "alamanc66"]
[Black "C. H. O'D. Schlechter"]
[Result "0-1"]
[WhiteCountry "NED"]
[BlackCountry "USA"]
[WhiteElo "2234"]
[WhiteRD "121"]
[BlackElo "2427"]
[BlackRD "76"]
[GameID "212837"]

1. e4 Nf6 2. e5 Nd5 3. d4 d6 4. Nf3 Bg4 5. Be2 e6 6. O-O Nc6 7. c4 Nb6 8. exd6 cxd6 9. d5 exd5 10. cxd5 Bxf3
11. gxf3 Ne5 12. f4 Ned7 13. a4 a5 14. Be3 Be7 15. Bxb6 Nxb6 16. Bb5+ Kf8 17. Ra3 g6 18. Re3 Kg7 19. Rxe7 Qxe7 20. Qd4+ Qf6
21. Qxb6 Qxb2 22. Qe3 Rhc8 23. Nd2 Rc3 24. Qd4+ Kh6 25. Kh1 Qb4 26. Qxb4 axb4 27. Ne4 Rc7 28. Rb1 f5 29. Ng5 Rc2 30. Kg2 Kg7
31. Rxb4 h6 32. Ne6+ Kf6 33. Rc4 Rxc4 34. Bxc4 Rxa4 35. Bb5 Rb4 36. Bd3 Rb3 37. Bf1 Rb1 38. Nc7 Rc1
0-1

[Event "Obsidian Swirl"]
[Site "SchemingMind.com"]
[Date "2009.07.21"]
[Round "-"]
[White "goodknight"]
[Black "Theodoric"]
[Result "1-0"]
[WhiteCountry "POL"]
[BlackCountry "ENG"]
[WhiteElo "2273"]
[WhiteRD "84"]
[BlackElo "1964"]
[BlackRD "71"]
[GameID "212843"]

1. e4 e6 2. d4 d5 3. Nc3 Bb4 4. e5 c5 5. a3 Bxc3+ 6. bxc3 Ne7 7. Qg4 O-O 8. Bd3 Nbc6 9. Nf3 Nf5 10. O-O c4
11. Bxf5 exf5 12. Qg3 Kh8 13. a4 Ne7 14. Ba3 Re8 15. Ng5 Rf8 16. Qh4 h6 17. Ne6 Bxe6 18. Bxe7 Qa5 19. Bxf8 Rxf8 20. Qg3 Bd7
21. Rfe1 Re8 22. Qf3 Be6 23. Reb1 b6 24. Rb5 Qa6 25. Rxd5 Bxd5 26. Qxd5 Rf8 27. Qb5 Qc8 28. a5 Qb7 29. axb6 axb6 30. Qxc4 Rc8
31. Ra7 Rxc4 32. Rxb7 Rxc3 33. Rxf7 Rxc2 34. Rf8+ Kh7 35. f4 Kg6 36. d5 Rd2 37. d6 Kh5 38. e6 Rd1+ 39. Kf2 Rd2+ 40. Ke3 Rxd6
41. Rxf5+ Kg6 42. Re5 Rd8 43. g4 Kf6 44. h4 Ra8 45. g5+ hxg5 46. hxg5+ Ke7 47. f5 Ra3+ 48. Kf4
1-0

[Event "Obsidian Swirl"]
[Site "SchemingMind.com"]
[Date "2009.07.17"]
[Round "-"]
[White "z"]
[Black "the_ether_76"]
[Result "1-0"]
[WhiteCountry "IRQ"]
[BlackCountry "USA"]
[WhiteElo "1832"]
[WhiteRD "83"]
[BlackElo "1778"]
[BlackRD "84"]
[GameID "212844"]

1. d4 Nf6 2. c4 g6 3. Nc3 d6 4. Bg5 Bg7 5. e3 O-O 6. Nf3 Nbd7 7. Be2 c5 8. O-O b6 9. Qa4 Bb7 10. Rfd1 Ne4
11. Nxe4 Bxe4 12. Rac1 Nf6 13. b4
1-0

[Event "Obsidian Swirl"]
[Site "SchemingMind.com"]
[Date "2009.07.18"]
[Round "-"]
[White "efreddy"]
[Black "teban2008"]
[Result "1-0"]
[WhiteCountry "BEL"]
[BlackCountry "CAN"]
[WhiteElo "2225"]
[WhiteRD "114"]
[BlackElo "1763"]
[BlackRD "91"]
[GameID "212845"]

1. e4 c5 2. Nf3 e6 3. d4 cxd4 4. Nxd4 a6 5. Bd3 Nf6 6. O-O Qc7 7. Qe2 Bd6 8. Kh1 Be5 9. Nf3 Nc6 10. Nxe5 Nxe5
11. Bg5 Nfg4 12. f4 Nxd3 13. cxd3 f5 14. exf5 O-O 15. Qxg4 Qc2 16. fxe6 Qxb2 17. e7 Re8 18. f5 d5 19. Qf3 Qxa1 20. f6 Be6
21. f7+
1-0

[Event "Obsidian Swirl"]
[Site "SchemingMind.com"]
[Date "2009.07.21"]
[Round "-"]
[White "C. H. O'D. Schlechter"]
[Black "alamanc66"]
[Result "1/2-1/2"]
[WhiteCountry "USA"]
[BlackCountry "NED"]
[WhiteElo "2409"]
[WhiteRD "75"]
[BlackElo "2257"]
[BlackRD "122"]
[GameID "212846"]

1. d4 Nf6 2. c4 e6 3. Nc3 Bb4 4. Nf3 b6 5. Bg5 Bb7 6. e3 h6 7. Bh4 c5 8. a3 Bxc3+ 9. bxc3 g5 10. Bg3 Ne4
11. Bd3 Nxg3 12. hxg3 d6 13. Rb1 Nd7 14. Kf1 Ke7 15. Qe2 Qg8 16. e4 Qg7 17. Qe3 Rhe8 18. Nd2 Rac8 19. a4 Kf8 20. a5 Rc7
21. axb6 axb6 22. Ra1 Bc6 23. f4 cxd4 24. cxd4 gxf4 25. gxf4 f5 26. Rh3 Nf6 27. Rb1 Ng4 28. Qg1 fxe4 29. Nxe4 Bxe4 30. Bxe4 Rxc4
31. Bf3 Rec8 32. Re1 Rc1 33. Bxg4 Qxg4 34. Qe3 R8c3 35. Rxc1 Rxe3 36. Rxe3 h5 37. d5 exd5 38. Rc7 b5 39. Ra3 Qd1+ 40. Kf2 Qd2+
41. Kf1 Qd1+=
1/2-1/2

[Event "Obsidian Swirl"]
[Site "SchemingMind.com"]
[Date "2009.10.21"]
[Round "-"]
[White "Chess Tiger"]
[Black "efreddy"]
[Result "1-0"]
[WhiteCountry "GER"]
[BlackCountry "BEL"]
[WhiteElo "2406"]
[WhiteRD "89"]
[BlackElo "2290"]
[BlackRD "111"]
[GameID "223316"]

1. d4 Nf6 2. c4 c6 3. Nf3 d5 4. Nc3 e6 5. e3 Nbd7 6. Qc2 Bd6 7. g4 Nxg4 8. Rg1 Qf6 9. Rxg4 Qxf3 10. Rxg7 Nf8
11. Rg1 Bxh2 12. Be2 Qf6 13. Rg2 Bd6 14. e4 Qh4 15. Be3 dxe4 16. Nxe4 Bb4+ 17. Nc3 Qh1+ 18. Bf1 Qh5 19. Rg5 Qh4 20. O-O-O Be7
21. Rg3 Ng6 22. d5 Bd7 23. d6 Bf6 24. Kb1 Bxc3 25. Qxc3 e5 26. Bg5 Qh5 27. Qc2 h6 28. Bf6 Rf8 29. Bd3 Nf4 30. Re1 Be6
31. Qd2 Nxd3 32. d7+ Bxd7 33. Qxd3 Be6 34. Rxe5 Qh1+ 35. Kc2 Qh2 36. Rxe6+ fxe6 37. Qg6+ Kd7 38. Qg7+
1-0

[Event "Obsidian Swirl"]
[Site "SchemingMind.com"]
[Date "2009.10.21"]
[Round "-"]
[White "efreddy"]
[Black "Chess Tiger"]
[Result "1/2-1/2"]
[WhiteCountry "BEL"]
[BlackCountry "GER"]
[WhiteElo "2290"]
[WhiteRD "111"]
[BlackElo "2406"]
[BlackRD "89"]
[GameID "223325"]

1. e4 e5 2. Nf3 Nc6 3. Bb5 a6 4. Ba4 Nf6 5. O-O Be7 6. Re1 b5 7. Bb3 d6 8. c3 O-O 9. h3 Nb8 10. d4 Nbd7
11. Nbd2 Bb7 12. Bc2 Re8 13. a4 Bf8 14. Bd3 c6 15. Qc2 Qb6 16. b4 Rac8 17. Bb2 exd4 18. cxd4 c5 19. axb5 axb5 20. dxc5 dxc5
21. e5 cxb4 22. Qb1 Bc5 23. exf6 Bxf2+ 24. Kh1 Rxe1+ 25. Nxe1 Nxf6 26. Nef3 Be3 27. Bxf6 Qxf6 28. Bxh7+ Kf8 29. Be4 Bxe4 30. Nxe4 Qxa1
31. Qxa1 Rc1+ 32. Qxc1 Bxc1 33. Ned2 Ke7 34. Kg1 Kd6 35. Kf2 Kd5 36. Ke2 Bxd2 37. Kxd2 Ke4 38. Nh2 f5 39. Nf1 f4 40. h4 f3
41. g3 b3 42. Kc3 b2 43. Kxb2 Kd3 44. h5 Ke2 45. Nh2 Kf2 46. g4 Kg3 47. g5 Kxh2 48. h6 gxh6 49. gxh6 f2=
1/2-1/2

[Event "Obsidian Swirl"]
[Site "SchemingMind.com"]
[Date "2009.11.08"]
[Round "-"]
[White "z"]
[Black "agrillage"]
[Result "0-1"]
[WhiteCountry "IRQ"]
[BlackCountry "MLT"]
[WhiteElo "1878"]
[WhiteRD "78"]
[BlackElo "2197"]
[BlackRD "114"]
[GameID "225587"]

1. c4 c5 2. Nf3 Nc6 3. d4 cxd4 4. Nxd4 g6 5. e3 Bg7 6. Nc3 Nf6 7. Be2 O-O 8. O-O d6 9. b3 a6 10. Bb2 Bd7
11. Qd2 Rb8 12. Rac1 Nxd4 13. Qxd4 Bc6 14. Rfd1 Ne4 15. Qd3 Nc5 16. Qd2 a5 17. Nd5 Bxb2 18. Qxb2 Bxd5 19. Rxd5 Qb6 20. h4 e6
21. Rdd1 Rbd8 22. h5 Qc7 23. Rd4 Qe7 24. g3 e5 25. Rdd1 Qg5 26. Kg2 f5 27. Rd5 f4 28. Rh1 fxg3 29. f4 Qf6 30. hxg6 Qxg6
31. Rh5 Qe4+ 32. Bf3 Qxe3 33. Qd2 Qxd2+ 34. Rxd2 exf4 35. Rh6 Kg7 36. Rhxd6 Rxd6 37. Rxd6 Rf6 38. Rd4 b6 39. Bd5 Kg6 40. Bf3 Kg5
41. Rd5+ Rf5 42. Rd8 Ne6 43. Rg8+ Kf6 44. Rb8 Nd4 45. Rxb6+ Ke5 46. c5 Nxf3 47. Kxf3 Rg5 48. c6 Kd6 49. Kg2 f3+
0-1

[Event "Obsidian Swirl"]
[Site "SchemingMind.com"]
[Date "2009.11.08"]
[Round "-"]
[White "agrillage"]
[Black "z"]
[Result "1-0"]
[WhiteCountry "MLT"]
[BlackCountry "IRQ"]
[WhiteElo "2186"]
[WhiteRD "107"]
[BlackElo "1882"]
[BlackRD "83"]
[GameID "225594"]

1. e4 e5 2. Bc4 Bc5 3. Nc3 d6 4. d3 Qh4 5. g3 Qf6 6. f4 Nc6 7. Nd5 Qd8 8. f5 Nce7 9. Bg5 f6 10. Qh5+ g6
11. fxg6 Nxg6 12. Bh4 c6 13. Nc3 Qe7 14. Nge2 Kd8 15. g4 Nxh4 16. Qxh4 Kc7 17. O-O-O Be3+ 18. Kb1 Qg7 19. h3 Ne7 20. Rhf1 b5
21. Bb3 Rf8 22. d4 a5 23. a3 a4 24. Ba2 Bd7 25. Qg3 exd4 26. Nxd4 Bxd4 27. Rxd4 Ng6 28. Qxd6+ Kc8 29. Be6 Ra7 30. Qxc6+ Kd8
31. Qb6+ Rc7 32. Rxd7+
1-0

[Event "Obsidian Swirl"]
[Site "SchemingMind.com"]
[Date "2010.01.04"]
[Round "-"]
[White "goodknight"]
[Black "Norsland"]
[Result "1-0"]
[WhiteCountry "POL"]
[BlackCountry "USA"]
[WhiteElo "2267"]
[WhiteRD "88"]
[BlackElo "2026"]
[BlackRD "92"]
[GameID "232956"]

1. e4 c5 2. Nf3 d6 3. d4 cxd4 4. Nxd4 Nf6 5. Nc3 a6 6. Be3 Ng4 7. Bg5 h6 8. Bh4 g5 9. Bg3 Bg7 10. h3 Ne5
11. Nf5 Bxf5 12. exf5 Qa5 13. Qd5 Nbc6 14. Qxa5 Nxa5 15. Nd5 Rc8 16. O-O-O b5 17. f6 exf6 18. f4 Nec4 19. Bxc4 Nxc4 20. Rhe1+ Kf8
21. b3 Na3 22. Rd2 f5 23. fxg5 Rd8 24. Nf6
1-0

[Event "Obsidian Swirl"]
[Site "SchemingMind.com"]
[Date "2010.04.03"]
[Round "-"]
[White "goodknight"]
[Black "agrillage"]
[Result "1-0"]
[WhiteCountry "POL"]
[BlackCountry "MLT"]
[WhiteElo "2363"]
[WhiteRD "96"]
[BlackElo "2075"]
[BlackRD "116"]
[GameID "243571"]

1. e4 c5 2. Nf3 g6 3. d4 cxd4 4. Nxd4 Bg7 5. Nc3 Nc6 6. Be3 Nf6 7. Bc4 Qa5 8. O-O O-O 9. Bb3 d6 10. h3 Bd7
11. f4 Nxd4 12. Bxd4 Bc6 13. Qd3 Rad8 14. Rad1 Nd7 15. Bxg7 Kxg7 16. Nd5 Bxd5 17. exd5 Nc5 18. Qd4+ Kg8 19. Qe3 Nxb3 20. Qxb3 Rc8
21. c3 Rc5 22. Qxb7 Qxa2 23. f5 a5 24. Rfe1 gxf5 25. Qxe7 Rxd5 26. Rxd5 Qxd5 27. Qg5+ Kh8 28. Qf6+ Kg8 29. Qh6 Qc5+ 30. Kh2 Qf2
31. Qg5+ Kh8 32. Qf6+ Kg8 33. Re4 Qc5 34. Qg5+ Kh8 35. Qh6 Rb8 36. Re3 Rc8 37. Re7 Qd5 38. Qf6+ Kg8 39. Re3 Qc5 40. Qg5+ Kh8
41. b3 f4 42. Qxf4 Kg8 43. b4 axb4 44. cxb4
1-0

[Event "Obsidian Swirl"]
[Site "SchemingMind.com"]
[Date "2010.04.03"]
[Round "-"]
[White "agrillage"]
[Black "goodknight"]
[Result "0-1"]
[WhiteCountry "MLT"]
[BlackCountry "POL"]
[WhiteElo "2089"]
[WhiteRD "115"]
[BlackElo "2336"]
[BlackRD "95"]
[GameID "243577"]

1. e4 c5 2. Nf3 d6 3. d4 cxd4 4. Nxd4 Nf6 5. Nc3 a6 6. Be2 e5 7. Nb3 Be7 8. O-O O-O 9. Be3 Be6 10. Qd2 Nbd7
11. a4 Rc8 12. a5 Qc7 13. Rfd1 Nc5 14. Nxc5 dxc5 15. f3 Rfd8 16. Qe1 Rxd1 17. Bxd1 c4 18. Na4 Nd7 19. Be2 Qc6 20. Kh1 Qb5
21. b3 Qc6 22. bxc4 Bxc4 23. Bxc4 Qxc4 24. Qd2 Qb5 25. Nb6 Nxb6 26. Bxb6 h6 27. Rd1 Bb4 28. Qd7 Rxc2 29. Qxb5 axb5 30. h4 Bd2
31. Rb1 Rc1+ 32. Rxc1 Bxc1
0-1

[Event "Obsidian Swirl"]
[Site "SchemingMind.com"]
[Date "2010.04.15"]
[Round "-"]
[White "C. H. O'D. Schlechter"]
[Black "Nenad"]
[Result "1-0"]
[WhiteCountry "USA"]
[BlackCountry "SLO"]
[WhiteElo "2422"]
[WhiteRD "87"]
[BlackElo "2073"]
[BlackRD "130"]
[GameID "244989"]

1. e4 c6 2. d4 d5 3. Nc3 dxe4 4. Nxe4 h6 5. Bd3 Bf5 6. Nf3 e6 7. Bf4 Bxe4 8. Bxe4 Nf6 9. Bd3 Bd6 10. Be3 O-O
11. O-O Nbd7 12. c4 e5 13. Bf5 Re8 14. Qb3 e4 15. Nd2 Qc7 16. g3 c5 17. d5 Re7 18. Bh3 Rae8 19. Qc2 Ne5 20. Bg2 Neg4
21. Rae1 a6 22. b3 Qd7 23. h3 Nxe3 24. Rxe3
1-0

[Event "Obsidian Swirl"]
[Site "SchemingMind.com"]
[Date "2010.04.15"]
[Round "-"]
[White "Nenad"]
[Black "C. H. O'D. Schlechter"]
[Result "0-1"]
[WhiteCountry "SLO"]
[BlackCountry "USA"]
[WhiteElo "2073"]
[WhiteRD "130"]
[BlackElo "2422"]
[BlackRD "87"]
[GameID "244993"]

1. e4 e5 2. Nf3 Nc6 3. Bc4 Bc5 4. O-O d6 5. c3 Nf6 6. d4 exd4 7. cxd4 Bb6 8. d5 Ne7 9. Nc3 Ng6 10. h3 O-O
11. a4 a5 12. Re1 Re8 13. Qc2 Bd7 14. Be3 Rc8 15. Rac1 h6 16. Bxb6 cxb6 17. Bf1 Rc5 18. Qd2 h5 19. b3 Qe7 20. Bc4 Qd8
21. Qg5 Rc8 22. e5 dxe5 23. Nxe5 Nxe5 24. Rxe5 Rxe5 25. Qxe5 Bxa4
0-1

[Event "Obsidian Swirl"]
[Site "SchemingMind.com"]
[Date "2010.11.18"]
[Round "-"]
[White "Chess Tiger"]
[Black "C. H. O'D. Schlechter"]
[Result "1/2-1/2"]
[WhiteCountry "GER"]
[BlackCountry "USA"]
[WhiteElo "2468"]
[WhiteRD "108"]
[BlackElo "2404"]
[BlackRD "86"]
[GameID "266998"]

1. e4 Nf6 2. e5 Nd5 3. d4 d6 4. Nf3 dxe5 5. Nxe5 g6 6. Bc4 c6 7. O-O Bg7 8. Re1 O-O 9. Bb3 Be6 10. Nd2 Nd7
11. Nef3 Nc7 12. Ne4 Bxb3 13. axb3 Ne6 14. c3 Nf6 15. Neg5 Nxg5 16. Bxg5 Re8 17. Ne5 Nd5 18. Bh4 a5 19. h3 Qb6 20. Nd3 e6
21. Ra4 Rec8 22. Nc5 Qc7 23. Nd3 Ra7 24. Qf3 Rca8 25. Bg3 Qd8 26. Be5 Bxe5 27. Nxe5 Qe7 28. h4 Qf6 29. Qxf6 Nxf6 30. Rea1 b5
31. R4a3 Ra6 32. Nd3 Nd5 33. Nc5 R6a7 34. Nd3 h6 35. g3 Kf8 36. Kf1 Kg7 37. Ke2 Kf8 38. g4 Ne7 39. c4 bxc4 40. bxc4 Rd7
41. Rxa5 Rxa5 42. Rxa5 Rxd4=
1/2-1/2